| 000 | 00532nam a22001697a 4500 | ||
|---|---|---|---|
| 003 | BD-DhUL | ||
| 005 | 20171120143039.0 | ||
| 008 | 171120s1341 ir ||||| |||| 00| 0 per d | ||
| 040 |
_aBD-DhUL _cBD-DhUL |
||
| 082 |
_a891.551 _bNIK |
||
| 100 | 0 | _aنظامی گنجوی | |
| 245 | 0 |
_aکلیات تخمسہ حکیم نظامی گنجہ ای / _cنظامی گنجوی |
|
| 260 |
_aایران : _bچاپ بائک بازرگانی، _c۱۳۴۱۔ |
||
| 300 |
_aص۔ ۱۳۵۱ _c۲۲ سم۔ |
||
| 650 | 0 | _aPersian poetry | |
| 942 |
_2ddc _cBK |
||
| 999 |
_c232234 _d232234 |
||